Guess the airplanes by country - Statistics

General Stats
  • This quiz has been taken 66 times
  • The average score is 13 of 31
Answer Stats
Hint Answer % Correct
C-32[Air Force Two] United States Of America
95%
Northrop F-5 United States Of America
95%
Grumman F-14 Tomcat United States Of America
95%
Lockheed Air Express United States of America
95%
Grumman F-15 Eagle United States of America
95%
Concorde United Kingdom/France
92%
AS.6 Envoy United Kingdom
87%
De Havilland dove United Kingdom
87%
Fairly Fox United Kingdom
87%
Avro 584 United Kingdom
87%
ATR-72 ATR 42 And ATR 72 Locator France/Italy
84%
Airbus Helicopter H120 France
79%
Kamasacha C-2 Japan
70%
Learjet 40 Canada
52%
CASA C-212 Aviocar Spain
48%
ACAZ C.2 Belgium
21%
L-410 Czechia
17%
Dufaux C.1 Switzerland
13%
ENAER Pantera Chile
6%
AVIS Aircraft’s Hungary
6%
Aero A.12 Czechoslovakia
3%
Alter A.1 German Empire
3%
Dobi III Lithuania
2%
Farman F.300 & Farman F.310 French Colonial Empire
0%
Focke-Wolf FW-190 Nazi Germany[Greater German Reich]
0%
AIDC F-CK-1 Ching-Kuo Republic Of China[Taiwan]
0%
Tupolev TU-134/TU-154 Soviet Union[USSR]
0%
Baykar Bayraktar Kizlememrr Turkieye
0%
Antonov AN-22 Anti Ukrainian Soviet Union SSR
0%
Eurofighter Typhoon United Kingdom,Germany,Italy,France,Spain
0%
Airco DH.4A United Kingdom Ireland and northern ireland
0%
No matching quizzes found
Score Distribution
Percent of People with Each Score
Percentile by Number Answered
Your Score History
You have not taken this quiz